000 00374nam a2200121Ia 4500
008 220204s9999 xx 000 0 und d
020 _a:812120979X
082 _a915(540)UTT
_bSES.9
100 _aSeshagiri, N
245 0 _aEncyclopaedia of cities and towns in India. 27V. V.9. Uttar Pradesh. Part. 2. (L-Z)
260 _aNew Delhi
_bGyan Publishing House
_c2008
942 _cBK
999 _c42773
_d42773